Borges: la pasión de una cita sin fin
Shranjeno v:
| Glavni avtor: | |
|---|---|
| Format: | Knjiga |
| Jezik: | španščina |
| Izdano: |
Ciudad de México
Siglo Veintiuno
1999
|
| Teme: | |
| Oznake: |
Označite
Brez oznak, prvi označite!
|
MARC
| LEADER | 00000nam a2200000 a 4500 | ||
|---|---|---|---|
| 001 | UCL0527 | ||
| 003 | CL-VaPUC | ||
| 008 | 030728e19990000MX |||||||||||||||||spa|d | ||
| 020 | |a 9682322022 | ||
| 082 | 0 | 4 | |a Ar863.9 |b BLO |2 21 |
| 100 | 0 | |a Block de Behar, Lisa |e author |9 477174 | |
| 245 | 1 | 0 | |a Borges: la pasión de una cita sin fin |
| 300 | |a 183 p | ||
| 942 | |c BK | ||
| 945 | |d 20030728 00:00:00 |a cmena | ||
| 260 | |a Ciudad de México |b Siglo Veintiuno |c 1999 | ||
| 600 | 0 | |a Borges, Jorge Luis |e autor |9 322093 | |
| 650 | 0 | |a Literatura argentina |9 320596 | |
| 650 | 0 | |a Crítica e interpretación |9 255042 | |
| 650 | 7 | |a ESCRITORES ARGENTINOS |2 CL-VaPUC |9 477175 | |
| 583 | |a last modification |c 20140410 05:08:26 |k Rodrigo Vera | ||
| 999 | |c 304348 |d 304346 | ||
| 952 | |0 0 |1 0 |4 0 |6 AR_863_900000000000000_BLO_1999 |7 0 |8 A |9 366372 |a FDOPOS |b FDOPOS |d 2019-11-21 |i 3906027 |o Ar863.9 BLO 1999 |p 3906027 |r 2025-01-22 |w 2019-11-21 |y BK |k MLH | ||
| 952 | |0 0 |1 0 |4 0 |6 AR_863_900000000000000_BLO_1999 |7 0 |8 A |9 366373 |a FDOPOS |b FDOPOS |d 2019-11-21 |i 4697421 |o Ar863.9 BLO 1999 |p 4697421 |r 2025-01-22 |w 2019-11-21 |y BK |k DLH | ||